UNDANG-UNDANG SYARIAH WILAYAH-WILAYAH PERSEKUTUAN: (Record no. 4316)

000 -LEADER
fixed length control field nam a22 a 4500
003 - CONTROL NUMBER IDENTIFIER
control field AKMAL
005 - DATE AND TIME OF LATEST TRANSACTION
control field 20170529081029.0
008 - FIXED-LENGTH DATA ELEMENTS--GENERAL INFORMATION
fixed length control field 170529s2012 my e l 000 0 may d
020 ## - INTERNATIONAL STANDARD BOOK NUMBER
International Standard Book Number 9789678918275
Qualifying information paperback
082 04 - DEWEY DECIMAL CLASSIFICATION NUMBER
Classification number 340.5909595 MAL
Edition number 23
090 00 - LOCALLY ASSIGNED LC-TYPE CALL NUMBER (OCLC); LOCAL CALL NUMBER (RLIN)
Classification number (OCLC) (R) ; Classification number, CALL (RLIN) (NR) 340.5909595
Local cutter number (OCLC) ; Book number/undivided call number, CALL (RLIN) MAL
110 1# - MAIN ENTRY--CORPORATE NAME
Corporate name or jurisdiction name as entry element Malaysia,
Relator term jurisdiction governed.
9 (RLIN) 400
245 10 - TITLE STATEMENT
Title UNDANG-UNDANG SYARIAH WILAYAH-WILAYAH PERSEKUTUAN:
Remainder of title Mengandungi Akta Kesalahan Jenayah Syariah (Wilayah-Wilayah Persekutuan) 1997 [Akta 559] ; Akta Tatacara Jenayah Syariah (Wilayah-Wilayah Persekutuan) 1997 [Akta 560]; Akta Keterangan Mahkamah Syariah (Wilayah-Wilayah Persekutuan) 1997 [Akta 561] : HINGGA 15HB FEBRUARI 2012 /
Statement of responsibility, etc. Disusun oleh: Lembaga Penyelidikan Undang-Undang
264 #1 - PRODUCTION, PUBLICATION, DISTRIBUTION, MANUFACTURE, AND COPYRIGHT NOTICE
Place of production, publication, distribution, manufacture Petaling Jaya, Selangor :
Name of producer, publisher, distributor, manufacturer International Law Book Services,
Date of production, publication, distribution, manufacture, or copyright notice 2012
300 ## - PHYSICAL DESCRIPTION
Extent 240 pages ;
Dimensions 24 cm.
490 1# - SERIES STATEMENT
Series statement UNDANG-UNDANG MALAYSIA
650 10 - SUBJECT ADDED ENTRY--TOPICAL TERM
Topical term or geographic name entry element Islamic law
Geographic subdivision Wilayah Persekutuan
9 (RLIN) 8405
650 20 - SUBJECT ADDED ENTRY--TOPICAL TERM
Topical term or geographic name entry element Courts, Islamic
Geographic subdivision Wilayah Persekutuan
9 (RLIN) 8406
650 20 - SUBJECT ADDED ENTRY--TOPICAL TERM
Topical term or geographic name entry element Civil procedure (Islamic law)
Geographic subdivision Wilayah Persekutuan
9 (RLIN) 8407
710 2# - ADDED ENTRY--CORPORATE NAME
Corporate name or jurisdiction name as entry element Lembaga Penyelidikan Undang-Undang,
Relator term editor.
9 (RLIN) 8408
830 #0 - SERIES ADDED ENTRY--UNIFORM TITLE
Uniform title Undang-undang Malaysia
9 (RLIN) 8409
942 ## - ADDED ENTRY ELEMENTS (KOHA)
Source of classification or shelving scheme
Koha item type Book
Holdings
Withdrawn status Lost status Source of classification or shelving scheme Damaged status Not for loan Collection code Home library Current library Shelving location Date acquired Inventory number Total Checkouts Full call number Barcode Date last seen Price effective from Koha item type
          NON-FICTION AKMAL Melaka AKMAL Melaka PINJAMAN 29.05.2017 306242   340.5909595 MAL 201706165 29.05.2017 29.05.2017 Book
          NON-FICTION AKMAL Melaka AKMAL Melaka PINJAMAN 29.05.2017 306243   340.5909595 MAL 201706164 29.05.2017 29.05.2017 Book
          NON-FICTION AKMAL Melaka AKMAL Melaka PINJAMAN 29.05.2017 306244   340.5909595 MAL 201706163 29.05.2017 29.05.2017 Book
          NON-FICTION AKMAL Melaka AKMAL Melaka PINJAMAN 29.05.2017 306245   340.5909595 MAL 201706162 29.05.2017 29.05.2017 Book
Pusat Sumber Maklumat Dato' Haji Sarmin Md Hussin, Akademi Kastam Diraja Malaysia, Melaka
Tel: 06-2331106 | Faks: 06-2313787